LEADER 00946cam0-2200349---450- 001 990009768870403321 005 20131030094114.0 010 $a978-88-498-3408-6 035 $a000976887 035 $aFED01000976887 035 $a(Aleph)000976887FED01 035 $a000976887 100 $a20131003d2012----km-y0itay50------ba 101 0 $aita 102 $aIT 105 $ay-------001yy 200 1 $aGramsci e Turati$ele due sinistre$fAlessandro Orsini 205 $a2. ed 210 $aSoveria Mannelli$cRubbettino$d2012 215 $a169 p.$d23 cm 225 1 $aSaggi$v292 610 0 $aGramsci, Antonio 610 0 $aTurati, Filippo 676 $a335.4092$v22$zita 700 1$aOrsini,$bAlessandro$f<1975- >$0328972 801 0$aIT$bUNINA$gREICAT$2UNIMARC 901 $aBK 912 $a990009768870403321 952 $aCollez. 2075 (292)$b50167$fFSPBC 959 $aFSPBC 996 $aGramsci e Turati$9831925 997 $aUNINA LEADER 01190cam--2200385---450 001 990001389920203316 005 20211021141741.0 035 $a000138992 035 $aUSA01000138992 035 $a(ALEPH)000138992USA01 035 $a000138992 100 $a20040203d1951----km-y0itay5003----ba 101 0 $aita 102 $aIT 105 $aaf||||||001yy 200 1 $aBelgio$fa cura di Guglielmo Cascino$gcon prefazione di Giovanni Calò 210 $aTorino [etc.]$cParavia$d1951 215 $aX, 215 p., 1 carta di tav. ripiegata$cill.$d21 cm 225 2 $a<> scuola nel mondo$v6 410 0$12001$a<> scuola nel mondo$v6 606 0 $aIstruzione$yBelgio$2BNCF 676 $a370.9493 702 1$aCASCINO,$bGuglielmo 702 1$aCALÒ,$bGiovanni$f<1882-1970> 801 0$aIT$bcba$gREICAT 912 $a990001389920203316 951 $aII.4. 2394 6(VI C 111)$b5803 L.M.$cII.4.$d460089 959 $aBK 969 $aUMA 979 $aSIAV5$b10$c20040203$lUSA01$h1501 979 $aPATRY$b90$c20040406$lUSA01$h1738 979 $aCOPAT6$b90$c20050927$lUSA01$h1211 979 $aFIORELLA$b90$c20070402$lUSA01$h1437 996 $aBelgio$9760983 997 $aUNISA LEADER 03870oas 2201477 a 450 001 9910948233303321 005 20251121213018.0 011 $a1552-4175 035 $a(DE-599)ZDB2070503-7 035 $a(OCoLC)42255486 035 $a(CONSER) 2004215741 035 $a(CKB)963017742170 035 $a(EXLCZ)99963017742170 100 $a19990827a19999999 sy a 101 0 $aeng 181 $ctxt$2rdacontent 182 $cc$2rdamedia 183 $acr$2rdacarrier 200 10$aBiological research for nursing 210 $aThousand Oaks, Calif. $cSage Publications$d1999- 215 $a1 online resource 300 $aRefereed/Peer-reviewed 300 $aTitle from banner GIF (publisher's Web site, viewed September 08, 2004). 311 08$a1099-8004 531 0 $aBiol. res. nurs. 606 $aMedicine$xResearch$vPeriodicals 606 $aNursing$vPeriodicals 606 $aBiology$xResearch$vPeriodicals 606 $aBiological Science Disciplines 606 $aNursing Research 606 $aMe?decine$xRecherche$vPe?riodiques 606 $aSoins infirmiers$vPe?riodiques 606 $aBiologie$xRecherche$vPe?riodiques 606 $aSoins infirmiers$xRecherche$vPe?riodiques 606 $abiological sciences$2aat 606 $aBiology$xResearch$2fast$3(OCoLC)fst00832448 606 $aMedicine$xResearch$2fast$3(OCoLC)fst01015059 606 $aNursing$2fast$3(OCoLC)fst01041731 606 $aBiologie$2rasuqam 606 $aRecherche me?dicale$2rasuqam 606 $aSoins infirmiers$2rasuqam 606 $aMedicina$2thub 606 $aInfermeria$2thub 606 $aBiologia$2thub 606 $aInvestigació en infermeria$2thub 608 $aPeriodical. 608 $aPeriodicals.$2fast 608 $aPeriodicals.$2lcgft 608 $aPe?riodique e?lectronique (Descripteur de forme)$2rasuqam 608 $aRessource Internet (Descripteur de forme)$2rasuqam 608 $aRevistes electròniques.$2thub 615 0$aMedicine$xResearch 615 0$aNursing 615 0$aBiology$xResearch 615 2$aBiological Science Disciplines. 615 2$aNursing Research. 615 6$aMe?decine$xRecherche 615 6$aSoins infirmiers 615 6$aBiologie$xRecherche 615 6$aSoins infirmiers$xRecherche 615 7$abiological sciences. 615 7$aBiology$xResearch. 615 7$aMedicine$xResearch. 615 7$aNursing. 615 7$aBiologie. 615 17$aRecherche me?dicale. 615 17$aSoins infirmiers. 615 7$aMedicina. 615 7$aInfermeria. 615 7$aBiologia. 615 7$aInvestigació en infermeria. 676 $a610.72 801 0$bF#A 801 1$bF#A 801 2$bOCL 801 2$bOCLCQ 801 2$bMXC 801 2$bOCLCQ 801 2$bNSD 801 2$bMUQ 801 2$bWAU 801 2$bOCLCQ 801 2$bUQ1 801 2$bKSU 801 2$bOCLCQ 801 2$bOCLCO 801 2$bOCLCQ 801 2$bAGL 801 2$bOCLCF 801 2$bOCLCO 801 2$bOCLCQ 801 2$bOCLCO 801 2$bOCLCQ 801 2$bOCLCO 801 2$bOCLCQ 801 2$bNLE 801 2$bU3W 801 2$bOCLCO 801 2$bOCLCA 801 2$bEZC 801 2$bOCLCO 801 2$bAU@ 801 2$bOCLCO 801 2$bWYU 801 2$bOCLCO 801 2$bUKMGB 801 2$bOCLCA 801 2$bTKN 801 2$bVT2 801 2$bOCLCO 801 2$bCNTRU 801 2$bBWN 801 2$bUBY 801 2$bOCLCO 801 2$bQGK 801 2$bOCLCQ 801 2$bOCLCO 801 2$bOCLCQ 801 2$bOCLCL 801 2$bS2H 801 2$bOCLCQ 801 2$bSXB 906 $aJOURNAL 912 $a9910948233303321 996 $aBiological research for nursing$92322699 997 $aUNINA